[Event "Zimski Winter Open"]
[Site "Belgrade SCG"]
[Date "2005.01.28"]
[Round "6"]
[White "Stankovic,Br"]
[Black "Jovicic,R"]
[Result "0-1"]
[WhiteElo "2274"]
[BlackElo "2246"]

1.d4 Nf6 2.c4 g6 3.Nc3 Bg7 4.e4 O-O 5.Nf3 d6 6.Be2 e5 7.O-O Nc6 8.d5 Ne7
9.Ne1 Nd7 10.Nd3 f5 11.f3 f4 12.Bd2 h5 13.b4 g5 14.h3 Nf6 15.Nf2 Ng6 16.c5 Nh8
17.cxd6 cxd6 18.Rc1 Rf7 19.Nb5 a6 20.Na3 Bf8 21.Rc3 Rg7 22.Nc4 Nf7 23.Qc2 Bd7
24.Na5 b6 25.Nc6 Qe8 26.Ra3 b5 27.Ra5 Nh6 28.a4 bxa4 29.Rxa6 Rxa6 30.Bxa6 g4
31.fxg4 hxg4 32.hxg4 Bxg4 33.Nxg4 Nhxg4 34.Rf3 Qh5  0-1

[Event "13th Fajr Open"]
[Site "Tehran IRI"]
[Date "2005.01.28"]
[Round "2"]
[White "Gleizerov,E"]
[Black "Khoshkalamian,B"]
[Result "1-0"]
[WhiteElo "2550"]
[BlackElo "2174"]

1.d4 Nf6 2.c4 g6 3.Nc3 Bg7 4.e4 d6 5.Nf3 O-O 6.Be2 e5 7.O-O Nc6 8.d5 Ne7
9.Nd2 Nd7 10.b4 a5 11.bxa5 Rxa5 12.Nb3 Ra8 13.Be3 f5 14.f3 b6 15.a4 Nc5 16.Nxc5 dxc5
17.a5 Ba6 18.axb6 cxb6 19.d6 f4 20.dxe7 Qxe7 21.Nd5 Qg5 22.Bf2 Bb7 23.Rxa8 Bxa8
24.Nxb6 Rd8 25.Qe1 Qe7 26.Qa5 Bb7 27.Qxc5 Bf8 28.Qxe7 Bxe7 29.Rd1 g5 30.Rxd8+ Bxd8
31.c5  1-0

[Event "It"]
[Site "Chernigov UKR"]
[Date "2005.01.29"]
[Round "9"]
[White "Sushchev,A"]
[Black "Tihonov,J"]
[Result "0-1"]
[WhiteElo "2320"]
[BlackElo "2454"]

1.d4 Nf6 2.c4 g6 3.Nc3 Bg7 4.e4 d6 5.Nf3 O-O 6.Be2 e5 7.O-O Nc6 8.d5 Ne7
9.b4 a5 10.Ba3 axb4 11.Bxb4 Nd7 12.a4 Bh6 13.a5 f5 14.Bd3 Nf6 15.c5 fxe4
16.Nxe4 Nxe4 17.Bxe4 Bg4 18.c6 bxc6 19.dxc6 Qe8 20.Qd3 Be6 21.Qc3 Rf4 22.Qe1 Bc4
23.Bd2 Bxf1 24.Kxf1 Rxe4 25.Qxe4 Bxd2 26.Nxd2 Qxc6 27.Qe3 Qb5+ 28.Ke1 Rxa5
29.Rxa5 Qxa5 30.Qb3+ d5 31.Qb8+ Kf7 32.Qh8 Qa1+ 33.Ke2 h5 34.f4 Qa6+ 35.Kf2 exf4
36.Qe5 Qb6+ 37.Kf1 Qe3  0-1

[Event "10th HIT Open A"]
[Site "Nova Gorica SLO"]
[Date "2005.01.29"]
[Round "3"]
[White "Cherin,D"]
[Black "Srebrnic,A"]
[Result "1-0"]
[WhiteElo "2272"]
[BlackElo "2226"]

1.Nf3 d6 2.d4 Nf6 3.c4 g6 4.Nc3 Bg7 5.e4 O-O 6.Be2 e5 7.O-O Nc6 8.d5 Ne7
9.Ne1 Nd7 10.f3 f5 11.g4 f4 12.Nd3 Bf6 13.Bd2 h5 14.h3 Bh4 15.Be1 Bxe1 16.Qxe1 hxg4
17.hxg4 g5 18.b4 Ng6 19.c5 Nf6 20.a4 Rf7 21.a5 Qf8 22.Kf2 Nh4 23.Rg1 Bd7
24.b5 Qc8 25.Qc1 Kg7 26.c6 Be8 27.Nb4 b6 28.axb6 cxb6 29.Ra6 Re7 30.Qa3 Bg6
31.Nd3 Ne8 32.Nb2 Qd8 33.Nc4 Nc7 34.Ra4 Ne8 35.Ra1 Kf8 36.Ra6 Nc7 37.Nxd6 Nxa6
38.Nb7 Qe8 39.bxa6 Kg7 40.d6 Qxc6 41.Bb5 Qc8 42.dxe7 Nxf3 43.Kxf3 Qh8 44.Bf1 Qh2
45.Ne2 Rh8 46.Nd6 Rh3+ 47.Bxh3 Qxh3+ 48.Kf2 Qh4+ 49.Kg2 Qxg4+ 50.Ng3  1-0

[Event "13th Fajr Open"]
[Site "Tehran IRI"]
[Date "2005.01.29"]
[Round "4"]
[White "Kotanjian,T"]
[Black "Abbasifar,H"]
[Result "1-0"]
[WhiteElo "2443"]
[BlackElo "2306"]

1.d4 Nf6 2.c4 g6 3.Nc3 Bg7 4.e4 d6 5.Nf3 O-O 6.Be2 e5 7.O-O Nc6 8.d5 Ne7
9.b4 Nd7 10.Be3 f5 11.Ng5 Nf6 12.f3 Bh6 13.Bd2 Bxg5 14.Bxg5 f4 15.Qd2 Kg7
16.c5 h6 17.Bh4 g5 18.Bf2 Ng6 19.Rac1 Rf7 20.Rc2 g4 21.cxd6 cxd6 22.Rcc1 g3
23.hxg3 Nh5 24.Qe1 fxg3 25.Bxg3 Qg5 26.Kh2 Bd7 27.Bb5 Rg8 28.Bxd7 Rxd7 29.Nd1 Kh8
30.Nb2 Rdg7 31.Nc4 Nxg3 32.Qxg3 Qh5+ 33.Qh3 Nh4 34.Kh1 Rg3 35.Qh2 Rxg2  1-0

[Event "13th Fajr Open"]
[Site "Tehran IRI"]
[Date "2005.01.30"]
[Round "6"]
[White "Ghane,S"]
[Black "Aryanejad,H"]
[Result "1-0"]
[WhiteElo "2397"]
[BlackElo "2252"]

1.d4 d6 2.Nf3 Nf6 3.c4 g6 4.Nc3 Bg7 5.e4 O-O 6.Be2 e5 7.O-O Nc6 8.d5 Ne7
9.Ne1 Ne8 10.Be3 f5 11.f3 f4 12.Bf2 g5 13.a4 a5 14.Nd3 b6 15.b4 Nf6 16.c5 bxc5
17.bxc5 h5 18.cxd6 cxd6 19.Qb3 Ng6 20.Qb6 Qe7 21.Nb5 Ne8 22.Na7 g4 23.Nxc8 Rxc8
24.Rfc1 Rxc1+ 25.Rxc1 g3 26.Be1 gxh2+ 27.Kh1 Qg5 28.Qxa5 Nf6 29.Qb4 Rf7 30.Nf2 Bf8
31.Nh3 Qh6 32.Rc8 Kh7 33.a5 h4 34.a6 Nh5 35.Bd3 Ne7 36.Rc7 Rg7 37.a7 Qg6
38.Qd2 Qe8 39.Qa2 Qa8 40.Qa6 Nc8 41.Rxc8 Qxa7 42.Qxa7 Rxa7 43.Bxh4 Rg7 44.Kxh2  1-0

[Event "13th Fajr Open"]
[Site "Tehran IRI"]
[Date "2005.01.31"]
[Round "7"]
[White "Gleizerov,E"]
[Black "Toufighi,H"]
[Result "1-0"]
[WhiteElo "2550"]
[BlackElo "2177"]

1.d4 Nf6 2.c4 g6 3.Nc3 Bg7 4.e4 d6 5.Nf3 O-O 6.Be2 e5 7.O-O Nc6 8.d5 Ne7
9.Nd2 Nd7 10.b4 a5 11.bxa5 Rxa5 12.Nb3 Ra8 13.Be3 f5 14.f3 f4 15.Bf2 b6 16.a4 Nc5
17.a5 Nxb3 18.Qxb3 bxa5 19.c5 g5 20.Nb5 Rf6 21.Rfc1 Bd7 22.Nxc7 Rb8 23.Qa3 Ng6
24.Ne6 Bxe6 25.c6 Bf7 26.c7 Qf8 27.cxb8=Q Qxb8 28.Qxa5 Bf8 29.Rab1 Qe8 30.Rb7 Nh4
31.Bb5 Nxf3+ 32.gxf3  1-0

[Event "Oceania zt"]
[Site "Auckland NZL"]
[Date "2005.02.04"]
[Round "9"]
[White "Wohl,A"]
[Black "Johansen,D"]
[Result "1/2-1/2"]
[WhiteElo "2378"]
[BlackElo "2471"]

1.d4 Nf6 2.c4 g6 3.Nf3 Bg7 4.Nc3 O-O 5.e4 d6 6.Be2 e5 7.O-O Nc6 8.d5 Ne7
9.b4 a5 10.Ba3 axb4 11.Bxb4 b6 12.a4 Ne8 13.Ra3 Kh8 14.a5 bxa5 15.Bxa5 f5
16.Ne1 Bd7 17.Nd3 fxe4 18.Nxe4 Nf5 19.Bg4 Qh4 20.h3 Qe7 21.Bb4 Rxa3 22.Bxa3 h5
23.Bxf5 Bxf5 24.Qe2 Nf6 25.f3 Qd7 26.Bc1 Qa4 27.Ndf2 Qb3 28.Bg5 Nh7 29.Be3 Ra8
30.Nd2 Qa2 31.g4 Bd7 32.Re1 Rb8 33.Qd3 Nf8 34.Nfe4 Ba4 35.c5 Bb5 36.Qb1 Qxd5
37.cxd6 cxd6 38.Qb4 Nd7 39.Qxd6 Qxd6 40.Nxd6 Bd3 41.Rc1 Kg8 42.Rc8+  1/2-1/2

[Event "XII TCh-RUS 1st League"]
[Site "Smolensk RUS"]
[Date "2005.02.05"]
[Round "4"]
[White "Kostin,K"]
[Black "Solovyov,S"]
[Result "0-1"]
[WhiteElo "2293"]
[BlackElo "2064"]

1.d4 Nf6 2.c4 g6 3.Nc3 Bg7 4.e4 d6 5.Nf3 O-O 6.Be2 e5 7.O-O Nc6 8.d5 Ne7
9.Ne1 Nd7 10.Be3 f5 11.f3 f4 12.Bf2 g5 13.Rc1 Rf6 14.b4 Rh6 15.Nb5 Nf6 16.c5 Qe8
17.Kh1 Qh5 18.Bg1 Qh4 19.g3 fxg3 20.Nxc7 Bh3 21.Nxa8 Nh5 22.Ng2 Bxg2+ 23.Kxg2  0-1

[Event "XII TCh-RUS 1st League"]
[Site "Smolensk RUS"]
[Date "2005.02.07"]
[Round "6"]
[White "Vitiugov,N"]
[Black "Benza,A"]
[Result "1-0"]
[WhiteElo "2478"]
[BlackElo "2130"]

1.d4 Nf6 2.c4 g6 3.Nc3 Bg7 4.e4 d6 5.Nf3 O-O 6.Be2 e5 7.O-O Nc6 8.d5 Ne7
9.Nd2 a5 10.Rb1 Bd7 11.b3 Ne8 12.a3 f5 13.b4 axb4 14.axb4 Nf6 15.f3 f4 16.c5 g5
17.Nc4 Ne8 18.b5 b6 19.cxb6 cxb6 20.Ba3 Rf6 21.Bb4 Rg6 22.Ra1 Rb8 23.Qb3 h5
24.h3 Nc8 25.Ra2 Nc7 26.Nd2 Rh6 27.Rc1 Rb7 28.Qc2 Bf8 29.Qb3 Rh7 30.Nc4 Qe8
31.Rac2 Kh8 32.Na3 Qd8 33.Nc4 Ne7 34.Nb2 Ne8 35.Nd3 Kg8 36.Nf2 Kh8  1-0

[Event "FSIMA February"]
[Site "Budapest HUN"]
[Date "2005.02.08"]
[Round "4"]
[White "Fodor,T jr"]
[Black "Martini,B"]
[Result "0-1"]
[WhiteElo "2226"]
[BlackElo "2333"]

1.d4 Nf6 2.c4 g6 3.Nc3 Bg7 4.e4 d6 5.Nf3 O-O 6.Be2 e5 7.O-O Nc6 8.dxe5 dxe5
9.Bg5 Qxd1 10.Rfxd1 Bg4 11.Bxf6 Bxf6 12.Ne1 Be6 13.Nc2 Rae8 14.c5 a6 15.b4 Nd4
16.Ne3 Bg5 17.Ned5 Rc8 18.Bf1 c6 19.Nb6 Rcd8 20.Rab1 Nb5 21.Nxb5 axb5 22.a4 bxa4
23.Rxd8 Rxd8 24.Nxa4 Rd4 25.Nb6 Rxe4 26.b5 Be7 27.bxc6 bxc6 28.Rc1 Rb4 29.h3 f6
30.Nc4 Kf7 31.Na5 Bd5 32.g3 Ke6 33.h4 f5 34.Be2 e4 35.Kf1 Bf6 36.Nc4 Bd4
37.Ne3 Ke5 38.Nc4+ Bxc4 39.Rxc4 Rb1+ 40.Kg2 Rb2 41.Kf1 Kd5 42.Rc1 Bxc5 43.Bc4+ Kd6
44.Rd1+ Ke5 45.Be2 Bd4 46.Ra1 c5 47.Ra7 c4 48.Ra5+ Kd6 49.Ra4 Bc5 50.Rxc4 h6
51.Ra4 g5 52.Ra6+ Bb6 53.hxg5 hxg5 54.Ra3 Rb1+ 55.Kg2 Rb2 56.Kf1 Ke5 57.Ra8 f4
58.Re8+ Kd6 59.gxf4 gxf4 60.Rxe4 f3 61.Bxf3 Rxf2+ 62.Ke1 Rxf3 63.Ke2 Rb3
64.Re8 Bd4 65.Rf8 Kd5 66.Re8 Be5 67.Kd2 Ke4 68.Kc2 Rc3+ 69.Kd2 Rc6 70.Re7 Rb6
71.Kc1 Rb5 72.Re8 Kd3 73.Rd8+ Bd4 74.Rd7 Ra5 75.Rb7 Rh5 76.Kb1  0-1

[Event "XII TCh-RUS 1st League"]
[Site "Smolensk RUS"]
[Date "2005.02.11"]
[Round "10"]
[White "Antipin,A"]
[Black "Petrov,Se1"]
[Result "0-1"]
[WhiteElo "2208"]
[BlackElo "2386"]

1.d4 Nf6 2.c4 g6 3.Nc3 Bg7 4.e4 O-O 5.Nf3 d6 6.Be2 e5 7.O-O Nc6 8.d5 Ne7
9.b4 c6 10.Bg5 h6 11.Bxf6 Bxf6 12.Qd2 cxd5 13.Nxd5 Nxd5 14.exd5 a5 15.bxa5 e4
16.Nd4 Qxa5 17.Rfd1 Qxd2 18.Rxd2 Re8 19.Rb1 Bxd4 20.Rxd4 Rxa2 21.Kf1 Kg7
22.Rb6 Kf6 23.f3 Ra1+ 24.Rd1 Rxd1+ 25.Bxd1 exf3 26.Bxf3 Ke5 27.Ke2 Kd4+ 28.Kd2 Kc5
29.Rb1 Re7 30.Kc3 Re3+ 31.Kd2 Ra3 32.Be2 Ra5 33.Rf1 f5 34.Rf3 Ra2+ 35.Ke1 Kd4
36.Rh3 f4 37.Rxh6 Ke3 38.Rxg6 Rxe2+ 39.Kd1 Bf5  0-1

[Event "FSIMA February"]
[Site "Budapest HUN"]
[Date "2005.02.12"]
[Round "8"]
[White "Martini,B"]
[Black "Valet,R"]
[Result "1/2-1/2"]
[WhiteElo "2333"]
[BlackElo "2082"]

1.d4 Nf6 2.Nf3 g6 3.c4 Bg7 4.Nc3 d6 5.e4 O-O 6.Be2 e5 7.O-O Nc6 8.d5 Ne7
9.b4 Nh5 10.Re1 f5 11.Ng5 Nf6 12.f3 h6 13.Ne6 Bxe6 14.dxe6 c6 15.Be3 Qc7
16.Qb3 Rad8 17.a4 Kh7 18.a5 Qb8 19.Red1 Rfe8 20.Ra2 Nh5 21.c5 fxe4 22.fxe4 Nf4
23.cxd6 Rxd6 24.Bc4 b5 25.axb6 Rxd1+ 26.Qxd1 axb6 27.Qd7 g5 28.b5 cxb5 29.Bxb5 Rc8
30.Qxe7 Rxc3 31.Ra7 Nxe6 32.Bd2 Rc7 33.Rxc7 Qxc7 34.Qxe6 Qc5+ 35.Kh1 Qxb5
36.Qf5+  1/2-1/2

[Event "TCh-BEL 2004-5"]
[Site "Belgium BEL"]
[Date "2005.03.06"]
[Round "10"]
[White "Groffen,H"]
[Black "Ahn,M"]
[Result "0-1"]
[WhiteElo "2220"]
[BlackElo "2288"]

1.d4 Nf6 2.c4 g6 3.Nc3 Bg7 4.e4 d6 5.Nf3 O-O 6.Be2 e5 7.O-O Nc6 8.d5 Ne7
9.b4 Nh5 10.Qc2 a5 11.bxa5 Rxa5 12.a4 Nf4 13.Bxf4 exf4 14.Ra3 h6 15.Rd1 g5
16.Nd2 g4 17.Nb3 Ra8 18.c5 Be5 19.cxd6 Bxd6 20.Raa1 f3 21.Bd3 fxg2 22.e5 Bxe5
23.Re1 Qd6 24.Ne4 Qg6 25.Ng3 Qg5 26.Rad1 Ng6 27.Nc5 Nh4 28.Rxe5 Qxe5 29.Be4 h5
30.Nd3 Qg5 31.Qxc7 f5 32.Bxg2 Nxg2 33.Kxg2 f4 34.Ne4 Qxd5 35.Qe7 Be6 36.Nc5 f3+
37.Kg3 Qe5+ 38.Kh4 Qxh2+ 39.Kg5 Qf4+ 40.Kxh5 Rf5+ 41.Kh4 g3+  0-1

[Event "FSIMB March"]
[Site "Budapest HUN"]
[Date "2005.03.08"]
[Round "4"]
[White "Fodor,T jr"]
[Black "Martini,B"]
[Result "0-1"]
[WhiteElo "2226"]
[BlackElo "2333"]

1.d4 Nf6 2.c4 g6 3.Nc3 Bg7 4.e4 d6 5.Nf3 O-O 6.Be2 e5 7.O-O Nc6 8.d5 Ne7
9.Bg5 h6 10.Bxf6 Bxf6 11.b4 Kh8 12.c5 Ng8 13.Nb5 a6 14.Na3 Be7 15.Nc4 f5
16.cxd6 cxd6 17.Nfd2 Nf6 18.f3 b5 19.Na5 Bd7 20.Qb3 Qe8 21.Rac1 Bd8 22.Nc6 Bb6+
23.Kh1 f4 24.a4 Nh5 25.Rfd1 Ng3+ 26.hxg3 fxg3 27.a5 Bf2 28.Rf1 g5 29.f4 g4  0-1

[Event "NWAPA Rector Cup"]
[Site "St Petersburg RUS"]
[Date "2005.03.11"]
[Round "12"]
[White "Bets,A"]
[Black "Bodnaruk,A"]
[Result "1/2-1/2"]
[WhiteElo "2365"]
[BlackElo "2138"]

1.d4 Nf6 2.c4 g6 3.Nc3 Bg7 4.e4 d6 5.Be2 O-O 6.Nf3 e5 7.O-O Nc6 8.d5 Ne7
9.Ne1 Ne8 10.Be3 f5 11.f3 f4 12.Bf2 g5 13.c5 Rf7 14.a4 h5 15.a5 Bd7 16.cxd6 cxd6
17.Nb5 Nc8 18.b4 Bh6 19.Na3 Rg7 20.Bb5 Bxb5 21.Nxb5 g4 22.Kh1 g3 23.Bg1 gxh2
24.Bxh2 Bg5 25.Nd3 Bh4 26.Qe2 Bg3 27.Nf2 Qh4 28.Nh3 Bxh2 29.Kxh2 Nf6 30.Rh1 Ng4+
31.Kg1 Ne3 32.Rh2 a6 33.Na3 Nxg2 34.Rxg2 Qxh3 35.Rxg7+ Kxg7 36.Qg2+ Qxg2+
37.Kxg2 Na7  1/2-1/2

[Event "ch-Privolzhsky Region"]
[Site "Ishevsk RUS"]
[Date "2005.03.16"]
[Round "1"]
[White "Nesterov,Alex"]
[Black "Dubov,D"]
[Result "1-0"]
[WhiteElo "2392"]
[BlackElo "2139"]

1.d4 Nf6 2.c4 g6 3.Nc3 Bg7 4.e4 O-O 5.Nf3 d6 6.Be2 e5 7.O-O Nc6 8.d5 Ne7
9.Ne1 Nd7 10.Be3 f5 11.f3 f4 12.Bf2 g5 13.a4 Ng6 14.a5 Kh8 15.b4 Rf7 16.c5 Bf8
17.c6 bxc6 18.dxc6 Nf6 19.b5 h5 20.b6 axb6 21.axb6 Rxa1 22.Qxa1 cxb6 23.Qa8 g4
24.Ba6 Ne7 25.Nb5 Bg7 26.Nd3 Rf8 27.Rc1 d5 28.c7 Qd7 29.Nxe5 Qe6 30.Nc6 gxf3
31.Nxe7 Qg4 32.g3 Qh3 33.Ng6+ Kh7 34.Nxf4 Qg4 35.Bxc8 Rxc8 36.Qxc8  1-0

[Event "Extraliga CZE 2004-5"]
[Site "Czech Rep CZE"]
[Date "2005.03.19"]
[Round "8"]
[White "Frolik,M"]
[Black "Zeleny,T"]
[Result "1-0"]
[WhiteElo "2273"]
[BlackElo "2267"]

1.d4 Nf6 2.Nf3 g6 3.c4 Bg7 4.Nc3 O-O 5.e4 d6 6.Be2 e5 7.O-O Nc6 8.d5 Ne7
9.Nd2 c5 10.Rb1 Bh6 11.a3 Ne8 12.b4 b6 13.Nb3 Bxc1 14.Qxc1 f5 15.f4 cxb4
16.axb4 fxe4 17.fxe5 Rxf1+ 18.Qxf1 dxe5 19.Nxe4 Bf5 20.Nbd2 Nd6 21.Bd3 Bxe4
22.Nxe4 Nxe4 23.Bxe4 Qd6 24.Qf2 Rc8 25.Rf1 Kg7 26.h3 Kh6 27.g4 Ng8 28.Qf7 Rxc4
29.Bg2 Rf4 30.Qxg8 e4 31.Qe6 Rxf1+ 32.Kxf1 Qxb4 33.Qxe4 Qb5+ 34.Kf2 Qb2+
35.Kg3 a5 36.Qf4+ g5 37.Qd6+ Kg7 38.Qe7+ Kg8 39.Qxg5+ Kf7 40.Qf5+ Kg8 41.Qe6+ Kf8
42.d6 Qc3+ 43.Kh4 Qd2 44.Bd5  1-0

[Event "Extraliga CZE 2004-5"]
[Site "Czech Rep CZE"]
[Date "2005.03.19"]
[Round "8"]
[White "Firt,S"]
[Black "Michalek,J"]
[Result "0-1"]
[WhiteElo "2353"]
[BlackElo "2363"]

1.c4 Nf6 2.Nc3 g6 3.e4 d6 4.d4 Bg7 5.Be2 O-O 6.Nf3 e5 7.O-O Nc6 8.d5 Ne7
9.Ne1 Nd7 10.Be3 f5 11.f3 f4 12.Bf2 g5 13.Rc1 Rf7 14.c5 Nxc5 15.b4 Na6 16.Nb5 Bd7
17.Qb3 h5 18.h3 Bh6 19.Rc2 Ng6 20.Nxa7 g4 21.fxg4 f3 22.Nxf3 hxg4 23.hxg4 Bxg4
24.Nc6 bxc6 25.dxc6 Kg7 26.a3 Nf4 27.Be3 Qf6 28.Bc4 Rff8 29.Bc1 Qg6 30.Nh4 Qxe4
31.Qg3 Nh5 32.Rxf8 Nxg3 33.Rf7+ Kh8 34.Bxh6 Qxc2 35.Bg7+ Kg8 36.Rf4+ Kxg7
37.Rxg4+ Kh7 38.Kh2 Nf5 39.Nf3 Ne3 40.Ng5+ Kg6  0-1

[Event "Norwegian Open"]
[Site "Oslo NOR"]
[Date "2005.03.21"]
[Round "3"]
[White "Hole,O"]
[Black "Hagesaether,E"]
[Result "1/2-1/2"]
[WhiteElo "2343"]
[BlackElo "2177"]

1.Nf3 g6 2.c4 Bg7 3.Nc3 d6 4.d4 Nf6 5.e4 O-O 6.Be2 e5 7.O-O Nc6 8.d5 Ne7
9.b4 Nh5 10.Re1 f5 11.Ng5 Nf6 12.Bf3 c6 13.Qb3 h6 14.Ne6 Bxe6 15.dxe6 fxe4
16.Nxe4 Nxe4 17.Bxe4 Qc8 18.b5 Qxe6 19.Ba3 Kh8 20.Rad1 Rad8 21.Rd2 Rd7 22.Red1 Rfd8
23.bxc6 bxc6 24.Rxd6 Rxd6 25.Rxd6 Rxd6 26.Qb8+ Nc8 27.Bxd6 Kh7 28.c5 Qxa2
29.g3 Qe2 30.Qb1 Qg4 31.Bxc6 h5 32.Be4 a5 33.Bc2 a4 34.Qa2 Nxd6 35.cxd6 Qd7
36.Qd5 Bf8 37.Qxe5 Qxd6 38.Qxh5+ Kg7 39.Qf3 Qf6 40.Qd5 Qd6 41.Qb7+ Qe7 42.Qc6 Qf6
43.Qxa4 Bc5 44.Qd7+ Kh6 45.Qd2+ Kg7 46.Be4 g5 47.Kg2 Bd4 48.f3 Qe5 49.Qb4 Bc5
50.Qb7+ Be7 51.Qd7 Kf7 52.Qg4 Qb2+ 53.Kf1 Qb5+ 54.Ke1 Qb4+ 55.Kd1 Qd4+ 56.Ke2  1/2-1/2

[Event "US Amateur Team East"]
[Site "Parsippany USA"]
[Date "2005.03.21"]
[Round "5"]
[White "Fang,J"]
[Black "Kedyk,D"]
[Result "0-1"]
[WhiteElo "2322"]
[BlackElo "2289"]

1.d4 Nf6 2.c4 g6 3.Nc3 Bg7 4.e4 d6 5.Nf3 O-O 6.Be2 e5 7.O-O Nc6 8.d5 Ne7
9.Ne1 Nd7 10.Be3 f5 11.f3 f4 12.Bf2 g5 13.a4 h5 14.a5 Ng6 15.Nb5 Nf6 16.Nxa7 Bd7
17.c5 g4 18.cxd6 g3 19.Bc5 cxd6 20.Bb6 gxh2+ 21.Kh1 Qe7 22.Bb5 h4 23.Rf2 h3
24.Bxd7 Qxd7 25.Qa4 hxg2+ 26.Rxg2 Qh3 27.Qb5 Qh6 28.Rxh2 Nh5 29.Rc1 Ng3+
30.Kg1 Qg5 31.Ng2 Nxe4 32.fxe4 f3 33.Rc7 Nf4 34.Qd7 fxg2 35.Rc2 Ne2+ 36.Rxe2 Rf1+  0-1

[Event "ch-Privolzhsky Region"]
[Site "Ishevsk RUS"]
[Date "2005.03.23"]
[Round "8"]
[White "Nesterov,Alex"]
[Black "Yuminov,M"]
[Result "1-0"]
[WhiteElo "2392"]
[BlackElo "2209"]

1.d4 Nf6 2.c4 g6 3.Nc3 Bg7 4.e4 d6 5.Nf3 O-O 6.Be2 e5 7.O-O Nc6 8.d5 Ne7
9.Ne1 Nd7 10.Be3 f5 11.f3 Nf6 12.c5 f4 13.Bf2 g5 14.cxd6 cxd6 15.Rc1 Bd7
16.Qb3 b6 17.Qa3 Be8 18.Nb5 Bxb5 19.Bxb5 Rf7 20.Nd3 g4 21.Nb4 Ng6 22.Rc6 g3
23.hxg3 fxg3 24.Bxg3 Nh5 25.Bh2 Qg5 26.Nc2 Ngf4 27.Ne3 Ng3 28.Rf2 Nxe4 29.Bxf4 Qxf4
30.Rc4 Nxf2 31.Rxf4 exf4 32.Nc2 Nd1 33.Qxd6 Rc8 34.Bc6 Rcf8 35.Qe6 Kh8 36.Qe4 Rf5
37.d6 Re5 38.Qa4 Re2 39.d7 Ne3 40.Nxe3 fxe3 41.Qe4 Rd2 42.Bb5 a6 43.Bd3 Kg8
44.Qxh7+ Kf7 45.Qg6+  1-0

[Event "Norwegian Open"]
[Site "Oslo NOR"]
[Date "2005.03.23"]
[Round "5"]
[White "Hole,O"]
[Black "Nedberg,B"]
[Result "1-0"]
[WhiteElo "2343"]
[BlackElo "2113"]

1.Nf3 Nf6 2.c4 g6 3.Nc3 Bg7 4.e4 d6 5.d4 O-O 6.Be2 e5 7.O-O Nc6 8.d5 Ne7
9.b4 Nh5 10.Re1 f5 11.Ng5 Nf6 12.Bf3 h6 13.Ne6 Bxe6 14.dxe6 c6 15.Qb3 g5
16.Ba3 g4 17.Be2 Kh8 18.Rad1 fxe4 19.b5 Nf5 20.Bxd6 Nxd6 21.c5 Nf5 22.Rxd8 Rfxd8
23.bxc6 bxc6 24.Qa4 Nd4 25.Bc4 Rab8 26.Qxa7 Rb4 27.e7 Rdb8 28.Qa5 Kh7 29.Qd8 Rxc4
30.Qxb8 Rxc3 31.Qxe5 Ne8 32.Qxe4+ Kg8 33.Qg6  1-0

[Event "Norwegian Open"]
[Site "Oslo NOR"]
[Date "2005.03.23"]
[Round "5"]
[White "Egeland,M"]
[Black "Hagesaether,E"]
[Result "1/2-1/2"]
[WhiteElo "1994"]
[BlackElo "2177"]

1.e4 g6 2.d4 Bg7 3.c4 d6 4.Nf3 Nf6 5.Nc3 O-O 6.Be2 e5 7.O-O Nc6 8.d5 Ne7
9.Ne1 Ne8 10.f4 exf4 11.Bxf4 f5 12.Nc2 fxe4 13.Nxe4 Nf5 14.Rb1 h6 15.Qd2 Nf6
16.Nxf6+ Qxf6 17.g4 Nd4 18.Nxd4 Qxd4+ 19.Qxd4 Bxd4+ 20.Kg2 g5 21.Bg3 Rxf1
22.Kxf1 h5 23.h3 Bd7 24.Kg2 Rf8 25.b4 h4 26.Be1 Re8 27.Bf3 Kg7 28.Bd2 Bf6
29.Re1 Rxe1 30.Bxe1 Bd4 31.Bd2 Kf6 32.Be2 c6 33.dxc6 bxc6 34.Bf3 Be6 35.Bxc6 Bxc4
36.a4 d5 37.b5 Be5 38.a5 d4 39.b6 axb6 40.axb6 Bb8 41.Bc1 Ba6 42.Bd2 Bc4
43.Bc1  1/2-1/2

[Event "Open"]
[Site "Coventry ENG"]
[Date "2005.03.25"]
[Round "2"]
[White "Chipanga,T"]
[Black "Miller,N"]
[Result "1-0"]
[WhiteElo "2189"]
[BlackElo "1988"]

1.d4 Nf6 2.c4 g6 3.Nc3 Bg7 4.e4 d6 5.Nf3 O-O 6.Be2 e5 7.O-O Nc6 8.d5 Ne7
9.b4 Ne8 10.c5 f5 11.Ng5 h6 12.Ne6 Bxe6 13.dxe6 fxe4 14.Bc4 Nf6 15.cxd6 cxd6
16.Nd5 Rc8 17.Bb3 Kh7 18.Be3 b6 19.Qd2 Nexd5 20.Bxd5 Nxd5 21.Qxd5 Qe7 22.Rfd1 Rfd8
23.Rd2 Bf8 24.g3 Re8 25.h4 Qxe6 26.Qxe4 Rc4 27.Qb7+ Qe7 28.Qa6 Rxb4 29.Rc1 Qd7
30.Rdc2 Ra4 31.Qd3 Qe6 32.h5 Re7 33.Rc8 Bg7 34.hxg6+ Qxg6 35.Qb3 Re8 36.Qxa4  1-0

[Event "Open"]
[Site "Coventry ENG"]
[Date "2005.03.27"]
[Round "7"]
[White "Mansson,J"]
[Black "Britton,R"]
[Result "1-0"]
[WhiteElo "2093"]
[BlackElo "2309"]

1.d4 Nf6 2.c4 g6 3.Nc3 Bg7 4.e4 d6 5.Nf3 O-O 6.Be2 e5 7.O-O Nc6 8.d5 Ne7
9.b4 Ne8 10.c5 Kh8 11.Nd2 f5 12.f3 f4 13.Nc4 g5 14.a4 Rf6 15.Ba3 Ng6 16.a5 Bf8
17.cxd6 cxd6 18.Bc1 h5 19.Bd2 Bd7 20.Be1 Rc8 21.h3 Nh4 22.Bf2 Rg6 23.Ra3 g4
24.fxg4 hxg4 25.hxg4 Bxg4 26.Bxg4 Rxc4 27.Na2 Rh6 28.Qe1 Be7 29.Rh3 Bg5 30.Bxa7 Nf6
31.Bb6 Qf8 32.Bf3 Nxf3+ 33.Rfxf3 Nxe4 34.Rxh6+ Bxh6 35.Qh4 Kh7 36.Qh3 Rc2
37.Nc3 Rc1+ 38.Kh2 Ng3 39.Qd7+ Kh8 40.Bg1 Bg5 41.Qh3+ Kg7 42.Na2 Ra1 43.Rc3 Rxa2
44.Rc7+ Kg6 45.Qe6+ Qf6 46.Qe8+ Kh6 47.Rf7 Nh5 48.Qf8+ Kg6 49.Qg8+ Kf5 50.Qh7+ Kg4
51.Rxf6 Bxf6 52.Qg6+ Bg5 53.Qe6+  1-0

[Event "XXXXII Open"]
[Site "La Roda ESP"]
[Date "2005.03.27"]
[Round "8"]
[White "Minzer,C"]
[Black "Saldano,H"]
[Result "0-1"]
[WhiteElo "2423"]
[BlackElo "2482"]

1.d4 Nf6 2.c4 g6 3.Nc3 Bg7 4.e4 d6 5.Be2 O-O 6.Nf3 e5 7.O-O Nc6 8.d5 Ne7
9.Ne1 Nd7 10.Be3 f5 11.f3 f4 12.Bf2 g5 13.Nd3 Nf6 14.Rc1 Ng6 15.a4 Rf7 16.Rc2 h5
17.h3 Bf8 18.b4 Rg7 19.c5 Nh8 20.a5 g4 21.fxg4 hxg4 22.Bh4 gxh3 23.Bh5 Be7
24.cxd6 cxd6 25.Bxf6 Bxf6 26.Qf3 Bd7 27.g4 Nf7 28.Qxh3 Rc8 29.Nf2 Bh4 30.Rfc1 Qg5
31.Kh1 Rh7 32.Bxf7+ Kxf7 33.Kg2 Rch8 34.Rh1 Kg6 35.Qf3 Bxf2 36.Rxh7 Rxh7
37.Qxf2 Qxg4+  0-1

[Event "ch-RUS w 1st League"]
[Site "Samara RUS"]
[Date "2005.03.30"]
[Round "8"]
[White "Rakitskaja,M"]
[Black "Bronnikova,E"]
[Result "0-1"]
[WhiteElo "2220"]
[BlackElo "2234"]

1.d4 Nf6 2.c4 g6 3.Nc3 Bg7 4.e4 d6 5.Nf3 O-O 6.Be2 e5 7.O-O Nc6 8.d5 Ne7
9.Nd2 Ne8 10.b4 f5 11.c5 a5 12.Ba3 axb4 13.Bxb4 dxc5 14.Bxc5 b6 15.Bb4 Bb7
16.Qb3 Kh8 17.f3 Nd6 18.a4 c5 19.Ba3 Nec8 20.Bc1 fxe4 21.fxe4 Rxf1+ 22.Bxf1 Ba6
23.Nf3 Bxf1 24.Bg5 Bc4 25.Qxc4 Qxg5 26.Qe2 Qe7 27.Rf1 Nf7 28.Qb5 Rb8 29.a5 Ncd6
30.Qb2 b5 31.a6 Qa7  0-1

[Event "Spring Open"]
[Site "Belgrade SCG"]
[Date "2005.04.01"]
[Round "8"]
[White "Stankovic,Br"]
[Black "Nikolic,Milo"]
[Result "0-1"]
[WhiteElo "2274"]
[BlackElo "2177"]

1.d4 Nf6 2.c4 g6 3.Nc3 Bg7 4.e4 d6 5.Nf3 O-O 6.Be2 e5 7.O-O Nc6 8.d5 Ne7
9.Ne1 Nd7 10.Nd3 f5 11.Bd2 Nf6 12.f3 f4 13.c5 g5 14.cxd6 cxd6 15.Rc1 Ng6
16.Nb5 Rf7 17.Qc2 Ne8 18.a4 Bf8 19.b4 Rg7 20.Nf2 a6 21.Na3 Nf6 22.Nc4 g4
23.fxg4 Nh4 24.Be1 h5 25.h3 hxg4 26.Bxg4 f3 27.g3 Ng2 28.Bxf3 Nxe1 29.Rcxe1 Rxg3+
30.Bg2 Nh5 31.Re3 b5 32.Nh1 Rg6 33.Ref3 Nf4 34.Ne3 Bxh3 35.Rg3 Rxg3 36.Nxg3 Qg5
37.Rf3 Rc8 38.Qf2 Bxg2  0-1

[Event "ch-VIE Prelim"]
[Site "Hue VIE"]
[Date "2005.04.03"]
[Round "1"]
[White "Pham Chuong"]
[Black "Nguyen Van Huy"]
[Result "1/2-1/2"]
[WhiteElo "2313"]
[BlackElo "2344"]

1.d4 Nf6 2.c4 g6 3.Nc3 Bg7 4.e4 d6 5.Be2 O-O 6.Nf3 e5 7.O-O Nc6 8.d5 Ne7
9.Ne1 Nd7 10.Nd3 f5 11.Bd2 Nf6 12.f3 f4 13.c5 g5 14.Rc1 Ng6 15.cxd6 cxd6
16.Nb5 Rf7 17.Qc2 Ne8 18.a4 h5 19.Nf2 Bd7 20.Qb3 Bf8 21.h3 Nh4 22.Rc2 a6
23.Na3 Rg7 24.Rfc1 Nf6 25.Be1 Qe8 26.Rc7 Rb8 27.a5 Qg6 28.Nc4 Ne8 29.Rc6 Bxc6
30.dxc6 Kh8 31.Qb6 Qf6 32.b4 Qd8 33.cxb7 Rgxb7 34.Qxd8 Rxd8 35.Nb6 Nc7 36.Nd5 Nb5
37.Rc6 Ra8 38.Bc4 Ng6 39.Nd3 Ne7 40.Nxe7 Bxe7 41.Bd5 Rba7 42.Rb6 Rc8 43.Bf2 Nd4
44.Rb7 Rc7 45.Rb8+ Kh7 46.Kf1 Rc3 47.Ne1 Rc1 48.Rb6 Rb1 49.Bc4 d5 50.exd5 Kg7
51.Bd3 Rb2 52.d6 Bd8 53.Rb8 Bxa5 54.Bxd4 exd4 55.Nc2 Rd7 56.Nxd4 Rxb4 57.Nf5+ Kf7
58.Ra8 Rb6 59.Bxa6 Bb4 60.Bc4+ Kg6 61.Ne7+ Rxe7 62.dxe7 Bxe7  1/2-1/2

[Event "7th UI&UL GM"]
[Site "Dhaka BAN"]
[Date "2005.04.06"]
[Round "2"]
[White "Pogorelov,R"]
[Black "Ahmed,Mai"]
[Result "1-0"]
[WhiteElo "2448"]
[BlackElo "2222"]

1.Nf3 Nf6 2.c4 g6 3.Nc3 Bg7 4.e4 d6 5.d4 O-O 6.Be2 e5 7.O-O Nc6 8.d5 Ne7
9.Ne1 Ne8 10.Be3 f5 11.f3 Nf6 12.c5 f4 13.Bf2 g5 14.Rc1 Ng6 15.cxd6 cxd6
16.Nb5 Rf7 17.Nxa7 Bd7 18.Qb3 g4 19.Bb6 Qb8 20.Nb5 Bxb5 21.Bxb5 h5 22.Nd3 gxf3
23.gxf3 Bh6 24.Kf2 Kh7 25.Rg1 Nh4 26.Qc4 Qh8 27.Ke2 Ng4 28.fxg4 f3+ 29.Kf2 Bxc1
30.Qxc1 Rg8 31.g5 Rfg7 32.Rg3 Ng6 33.Rh3 h4 34.Rxf3 Rf8 35.Rxf8 Qxf8+ 36.Ke2 Rf7
37.Be3 Qd8 38.a4 Kg7 39.Kd2 Rf3 40.Qg1 Qc8 41.Qg2 Rf7 42.b3 Re7 43.Bc4 Kf7
44.Qe2 Kg8 45.Qh5 Kg7 46.Nf2 Qd8 47.Ng4 Qa5+ 48.Kd3 Qe1 49.Nh6 Kf8 50.Qf3+ Nf4+
51.Bxf4 Qb1+ 52.Ke2 exf4 53.Qxf4+ Ke8 54.Bb5+ Rd7 55.Qf7+  1-0